Score 0/58 Timer 05:00
0 Plays Today
County Seat County Name % Correct
Los AngelesLos Angeles
94%
OaklandAlameda
90.6%
RiversideRiverside
90.6%
San FranciscoSan Francisco
89.9%
NapaNapa
88.6%
San DiegoSan Diego
88.6%
SacramentoSacramento
87.2%
San BernardinoSan Bernardino
87.2%
Santa AnaOrange
85.9%
FresnoFresno
85.2%
Santa BarbaraSanta Barbara
84.6%
Santa CruzSanta Cruz
83.9%
VenturaVentura
82.6%
MercedMerced
80.5%
Nevada CityNevada
80.5%
BakersfieldKern
79.9%
El CentroImperial
77.9%
San Luis ObispoSan Luis Obispo
77.9%
San JoseSanta Clara
77.2%
WoodlandYolo
76.5%
EurekaHumboldt
75.8%
MarysvilleYuba
75.2%
ColusaColusa
73.2%
MariposaMariposa
72.5%
MarkleevilleAlpine
71.8%
AuburnPlacer
71.8%
MartinezContra Costa
70.5%
HanfordKings
70.5%
LakeportLake
70.5%
County Seat County Name % Correct
San RafaelMarin
70.5%
IndependenceInyo
69.8%
MaderaMadera
69.8%
Crescent CityDel Norte
69.1%
SalinasMonterey
67.8%
UkiahMendocino
67.1%
OrovilleButte
66.4%
ReddingShasta
66.4%
Redwood CitySan Mateo
65.8%
Santa RosaSonoma
65.8%
StocktonSan Joaquin
64.4%
JacksonAmador
63.1%
PlacervilleEl Dorado
60.4%
HollisterSan Benito
59.7%
WillowsGlenn
59.1%
FairfieldSolano
58.4%
AlturasModoc
57.7%
DownievilleSierra
57.7%
YrekaSiskiyou
57.7%
VisaliaTulare
57.7%
BridgeportMono
56.4%
ModestoStanislaus
54.4%
SusanvilleLassen
53.7%
Yuba CitySutter
50.3%
San AndreasCalaveras
49%
QuincyPlumas
48.3%
WeavervilleTrinity
47.7%
Red BluffTehama
46.3%
SonoraTuolumne
44.3%
Remove Ads.
Support Sporcle.
Get the best of Sporcle when you Go Orange. This ad-free experience offers more features, more stats, and more fun while also helping to support Sporcle. Thank you for becoming a member.

You're not logged in!

Compare scores with friends on all Sporcle quizzes.
OR
Log In

Show Comments

Extras

Top Quizzes Today


Score Distribution

Your Account Isn't Verified!

In order to create a playlist on Sporcle, you need to verify the email address you used during registration. Go to your Sporcle Settings to finish the process.

Report this User

Report this user for behavior that violates our Community Guidelines.

Details: